• 首页
  • 本馆介绍
  • 公告通知
  • 最新文献
  • 馆藏检索
  • 电子资源
  • 读者导购
  • 参考咨询
  • 我的图书馆
  • 登录
  • 详细信息显示
  • 放入我的书架
  • 预约/预借图书
  • 作者相关作品
  • 分类相关作品
  • 丛书相关作品
  • 出版社相关作品

书目信息

  • 表格格式
  • 工作单格式
  • 卡片格式
题名:
轻器械体操
    
 
作者: 许春利 , 裴晓雨 编著
分册:  
出版信息: 长春   吉林出版集团股份有限公司  2020
页数: 122页
开本: 23cm
丛书名: 全民健身计划系列丛书
单 册:
中图分类: G834.2
科图分类:
主题词: 轻器械体操--基本知识
电子资源:
ISBN: 978-7-5581-9481-8
000 00971nam2 2200277 450
001 012001002320
005 20140202134024.0
010    @a978-7-5581-9481-8@dCNY36.00
100    @a20220905e20212020em y0chiy50 ea
101 0  @achi
102    @aCN@b220000
105    @aa z 000yy
106    @ar
200 1  @a轻器械体操@Aqing qi xie ti cao@f许春利,裴晓雨编著
210    @a长春@c吉林出版集团股份有限公司@d2020@h2021重印
215    @a122页@c彩图@d23cm
225 1  @a全民健身计划系列丛书@f王月华,张颖主编
330    @a本书分为概述、运动保健、基本技术和实用轻器械操四章,介绍了轻器械体操的起源与发展、运动价值、运动保护、基本动作、持器械身体动作、体操棍操、绳操等内容。
410  0 @12001 @a全民健身计划系列丛书
510 1  @aHand apparatus exercises@zeng
606 0  @a轻器械体操@x基本知识
690    @aG834.2@v5
701  0 @a许春利@Axu chun li@4编著
701  0 @a裴晓雨@Apei xiao yu@4编著
801  0 @aCN@bAHXH@c20221111
905    @b1367902-6@dG834.2@e245@f5
    
    轻器械体操/许春利,裴晓雨编著.-长春:吉林出版集团股份有限公司,2020(2021重印)
    122页:彩图;23cm.-(全民健身计划系列丛书/王月华,张颖主编)
    
    
    ISBN 978-7-5581-9481-8:CNY36.00
    本书分为概述、运动保健、基本技术和实用轻器械操四章,介绍了轻器械体操的起源与发展、运动价值、运动保护、基本动作、持器械身体动作、体操棍操、绳操等内容。
●
相关链接 在E读中查询图书 在五车中查询图书 在当当中查询图书 在豆瓣中查询图书


正题名:轻器械体操     索取号:G834.2/245         预约/预借

序号 登录号 条形码 馆藏地/架位号 状态 备注
1 1367902   213679027   第一样本阅览室/ [索取号:G834.2/245] 在馆    
2 1367903   213679036   教育系资料室/ [索取号:G834.2/245] 在馆    
3 1367904   213679045   教育系资料室/ [索取号:G834.2/245] 在馆    
4 1367905   213679054   第四借阅区/ [索取号:G834.2/245] 在馆    
5 1367906   213679063   第四借阅区/ [索取号:G834.2/245] 在馆    
唐山师范学院图书馆 欢迎您!
大连网信软件有限公司© 版权所有